| 000 | 00617nam a2200193 i 4500 | ||
|---|---|---|---|
| 001 | 55593 | ||
| 003 | ES-MaACL | ||
| 005 | 20230906163157.0 | ||
| 007 | t| | ||
| 008 | 030923s1909 fr ||||1| fre d | ||
| 100 | 1 |
_aDeschamps, Albert. _943843 |
|
| 245 | 1 | 4 |
_aLes maladies de l'energie _b: les asthémies generales, épusements, insuffisances / _cAlbert Deschamps ; preface de F. Raymond. |
| 250 | _a2eme ed. rev. | ||
| 260 |
_aParis : _b[s.n.], _c1909 ( _eEvreux : _fCh. Herissey) |
||
| 300 |
_aXV, 496 p. ; _c23 cm. |
||
| 650 | 4 |
_aAstenia. _9165413 |
|
| 700 | 1 |
_aRaymond, F. _995628 |
|
| 852 |
_aES-MaACL _jF-13321 |
||
| 999 |
_c55593 _d55593 |
||